[Event "72nd RUS-ch Superfinal 2019"]
[Site "Izhevsk"]
[Date "2019.08.14"]
[Round "4.5"]
[White "Predke, Alexandr"]
[Black "Jakovenko, Dmitry"]
[Result "1-0"]
[WhiteElo "2632"]
[BlackElo "2711"]
[Annotator "TA"]
[PlyCount "149"]
[EventDate "2019.08.10"]
[EventType "tourn"]
[EventCountry "RUS"]
[SourceTitle "playchess.com"]
[Source "ChessBase"]
[SourceQuality "1"]

{[%evp 13,149,27,31,28,22,17,25,18,22,22,22,22,22,22,28,4,18,0,0,0,7,-2,0,0,0,0,0,-6,-10,-33,-9,-16,0,-7,0,0,0,0,24,0,8,6,18,19,26,20,19,19,26,26,38,25,25,8,25,16,19,0,12,12,10,13,36,19,39,41,91,91,91,91,91,91,91,91,91,91,91,91,91,91,91,35,35,35,50,22,87,97,174,234,586,586,591,591,565,525,525,525,5628,29958,29959,29959,29960,29961,29960,29956,29972,29973,29973,29970,29969,29972,29972,29971,29970,29971,29974,29975,29976,29977,29977,29978,29978,29977,29976,29975,29975,29976,29976,29977,29977,29978,29978,29979,29979,29980,29980,29981]} 1. d4 d5 2. c4 c6 3. Nf3 Nf6 4. e3 Bf5 5. Nc3 e6 6. Nh4 Bg6 7. Nxg6 hxg6 8. g3 {D12: Slav Defence: 3 Nf3 Nf6 4 e3 Bf5} Nbd7 9. Qd3 Bb4 10. Bg2 {White has an edge.} Nb6 $146 ({Predecessor:} 10... Qe7 11. O-O O-O 12. a3 Bd6 13. b3 Rad8 14. Bb2 dxc4 15. bxc4 e5 {½-½ (91) Tkachiev,V (2644)-Postny,E (2627) Nancy 2013}) 11. cxd5 exd5 12. O-O O-O 13. a3 Bd6 14. b3 Re8 15. Ra2 Qe7 16. f3 Rad8 17. a4 Na8 {[%cal Bb6a8,Ba8c7,Bc7e6][%mdl 32]} 18. Re2 Nc7 19. Bd2 Bb4 20. Be1 Ne6 21. Bf2 c5 22. Rc2 Rc8 23. Rfc1 Rc6 24. Ne2 Rec8 25. Bh3 Ba3 (25... g5 {keeps more tension.} 26. Kg2 g6 27. Kg1 Kh7 28. Kg2 Ba3) 26. Rd1 (26. Bxe6 {is more complex.} Rxe6 27. Ra1 Bb4 28. dxc5 Rec6 29. Nd4) 26... cxd4 27. Bxe6 Rxc2 28. Bxc8 Rxc8 29. Nxd4 Bc5 30. Rc1 {And now b4! would win.} Re8 31. Kg2 a5 32. Qb5 b6 $1 33. Qc6 Qe5 34. Rd1 Qb8 35. g4 Rc8 36. Bg3 Rxc6 37. Bxb8 Bxd4 38. Rxd4 $11 {[%mdl 4096] Endgame KRB-KRN} Rc2+ 39. Kg3 Rb2 {[#]} 40. Rd3 $1 Nd7 41. Ba7 Nc5 42. Rxd5 Rxb3 {[#]} 43. Bxb6 $1 {[%mdl 576] Double Attack} Nxa4 (43... Rxb6 44. Rxc5) 44. Bd4 Nc3 45. Rxa5 Ne2+ 46. Kf2 Nxd4 $16 {KRN-KR} 47. Ra8+ (47. exd4 $16 Kf8 48. h4) 47... Kh7 $14 48. exd4 {KR-KR} g5 $1 49. Ke2 Kg6 (49... g6 $1 $11) 50. Re8 $16 Rb2+ (50... f6 $16 {was called for.}) 51. Kd3 $18 Rf2 $2 (51... f6 {is more resistant.} 52. Re2 Rb4) 52. d5 Rxf3+ 53. Kc4 Rf2 54. d6 {Threatens to win with d7.} Rc2+ 55. Kb5 {d7 is the strong threat.} ({Weaker is} 55. Kd3 Rc6 $11) 55... Rb2+ 56. Kc6 Rc2+ {White mates.} 57. Kb7 Rb2+ 58. Kc7 Rc2+ 59. Kd8 f5 60. d7 Rxh2 61. Re6+ Kf7 62. gxf5 Rc2 {[#]} 63. Rg6 $1 {[%cal Rg6g5]} Rc1 64. Rxg5 Rc5 65. Rg1 Rc2 66. Rg6 Rc1 67. Ra6 Rc2 68. Ra8 Kf6 69. Ke8 Rd2 70. d8=Q+ Rxd8+ 71. Rxd8 Kxf5 72. Kf7 g5 73. Rd5+ Kf4 74. Kg6 g4 75. Kh5 {Accuracy: White = 65%, Black = 49%.} 1-0

[Event "72nd RUS-ch Superfinal 2019"]
[Site "Izhevsk"]
[Date "2019.08.15"]
[Round "5.1"]
[White "Jakovenko, Dmitry"]
[Black "Inarkiev, Ernesto"]
[Result "0-1"]
[WhiteElo "2711"]
[BlackElo "2693"]
[Annotator "TA"]
[PlyCount "104"]
[EventDate "2019.08.10"]
[EventType "tourn"]
[EventCountry "RUS"]
[SourceTitle "playchess.com"]
[Source "ChessBase"]
[SourceQuality "1"]

{[%evp 13,104,16,47,50,72,11,11,15,10,26,37,32,28,30,37,20,17,19,22,25,32,0,0,0,31,0,0,0,0,0,0,0,2,0,0,0,0,0,0,0,0,0,151,145,116,94,92,86,96,92,93,25,34,39,23,33,60,18,21,29,38,39,53,0,0,0,0,0,0,0,0,-62,-58,-41,-45,-54,-45,-46,-74,-65,-58,-27,-29,-83,-88,-162,-127,-164,-147,-285,-290,-273,-249]} 1. e4 c6 2. d4 d5 3. e5 Bf5 4. Nf3 e6 5. Be2 c5 6. Be3 Qb6 7. Nc3 Nc6 8. O-O {B12: Caro-Kann: Advance Variation} Qxb2 9. Qe1 (9. Nb5 $16 {Hoping for Nc7+.} Rc8 10. dxc5) 9... cxd4 $11 10. Bxd4 {The position is equal.} Nxd4 ({But not} 10... Qxc2 $2 11. Rc1 $18) (10... Bxc2 11. Nb5 $16) 11. Nxd4 {aiming for Rb1.} Bb4 12. Ndb5 Ba5 13. Rb1 Qxc2 14. Rb3 Ne7 15. Nd6+ Kf8 16. Nxb7 Bb6 17. Nd6 {[%mdl 1024] White has compensation.} (17. Bd1 $5 {[%cal Rd1c2]} Qc1 18. Nd6 $15) 17... Ba5 18. Nb7 {[#]} Bb6 $146 19. Nd6 (19. Bd1 $5 {[%cal Rd1c2]} Qd3 20. Nd6 $15) 19... Ba5 20. Bd1 Qd3 21. Bf3 Qd4 {Threatens to win with ...Bc2.} 22. Ncb5 Qd2 $1 {[%cal Rd2e1]} 23. Qxd2 Bxd2 24. Nd4 Bg6 25. Rb7 h5 26. Rd1 Bf4 27. Re1 Nc8 $2 {[#]} (27... Bd2 $11 28. Rd1 Bc3) 28. N6b5 $1 $16 {[%cal Rb5c7] Strongly threatening Nc7.} Bd2 29. Rd1 $36 {[%mdl 2048] White has strong initiative.} Ba5 30. Nc6 Bb6 31. a4 a6 32. Nc7 ({White should try} 32. Nc3 $16) 32... Bxc7 $1 $11 33. Rxc7 Nb6 34. Rd4 Kg8 35. Rh4 Kh7 $1 36. Bxh5 Bxh5 37. g4 {[%mdl 64] [#] Pin} (37. a5 {seems wilder.} Nc4 38. Rxh5+ Kg6 39. Rxh8 Rxh8 40. g4) 37... Kg8 $1 38. gxh5 (38. a5 $1 $14 Nc4 39. gxh5) 38... Nc4 39. Kf1 g5 40. Rh3 Rh6 41. Ke2 Kg7 42. Kf3 (42. a5 $11) 42... Rhh8 $1 $15 {[%cal Rh8c8] And now ...Rhc8 would win.} 43. Kg4 {Rf3 is the strong threat.} Rhc8 $1 {[%cal Rc8c7]} 44. h6+ Kh8 45. Rxc8+ Rxc8 {[%mdl 4096] Endgame KRN-KRN} 46. Nd4 Nxe5+ 47. Kxg5 Rc4 48. f4 (48. Nb3 $11 {keeps the balance.}) 48... Nd7 $17 49. Ne2 (49. Rd3 $17 {was necessary.}) 49... Re4 $19 ({Resist} 49... Rxa4 50. Rc3 $17) 50. Nc3 Re1 51. a5 (51. Rd3 $17 {is a better defense.}) 51... d4 52. Na4 Ra1 {Accuracy: White = 59%, Black = 98%.} 0-1

[Event "72nd RUS-ch Superfinal 2019"]
[Site "Izhevsk"]
[Date "2019.08.15"]
[Round "5.2"]
[White "Alekseenko, Kirill"]
[Black "Predke, Alexandr"]
[Result "1/2-1/2"]
[WhiteElo "2650"]
[BlackElo "2632"]
[Annotator "TA"]
[PlyCount "81"]
[EventDate "2019.08.10"]
[EventType "tourn"]
[EventCountry "RUS"]
[SourceTitle "playchess.com"]
[Source "ChessBase"]
[SourceQuality "1"]

{[%evp 12,81,12,15,25,25,26,29,32,32,28,31,47,44,48,44,41,30,33,28,41,13,18,24,11,9,32,37,27,10,18,-17,0,0,0,0,0,0,0,0,0,0,0,0,0,0,0,0,20,0,16,-16,0,-8,0,-22,0,0,0,0,0,0,0,0,0,0,0,0,0,0,0,0]} 1. e4 e5 2. Nf3 Nc6 3. Bb5 Nf6 4. d3 d6 5. O-O Be7 6. Nc3 O-O 7. h3 Nd7 $146 {C66: Ruy Lopez: Steinitz Defence} ({Predecessor:} 7... Nd4 8. Nxd4 exd4 9. Ne2 c5 10. c3 a6 11. Ba4 dxc3 12. bxc3 c4 13. Bc2 cxd3 14. Qxd3 Qa5 15. Nd4 {0-1 (110) Bartel,M (2674)-Naiditsch,A (2700) Dortmund 2012}) 8. a4 {[%cal Ba2a4,Ba4a5][%mdl 32]} a6 9. Bc4 Nb6 {White has an edge.} 10. Ba2 Nb4 11. Bb3 Kh8 12. a5 Nd7 13. Be3 c5 14. Nd2 b5 15. axb6 Nxb6 16. Nc4 Nxc4 17. Bxc4 f5 18. f4 exf4 19. Bxf4 Bb7 20. Be6 fxe4 {The position is equal.} 21. Nxe4 {[%cal Bc3e4,Be4g3,Bg3f5][%mdl 32]} d5 22. Ng3 $1 Bd6 23. Qg4 {[#] Black must now prevent Nh5.} Rxf4 24. Rxf4 Bxf4 25. Qxf4 Qe7 26. Qg4 Nxc2 27. Nf5 Qf6 28. Rc1 g6 29. Rxc2 {And now Nd6 would win.} gxf5 30. Bxf5 Rf8 31. Be6 Bc6 32. h4 Ba4 33. Rd2 Qh6 34. Rf2 Qe3 {[%mdl 64] Double Attack} 35. Qe2 Qd4 {[#]} 36. Bxd5 $1 {[%mdl 512]} Rxf2 (36... Qxd5 37. Rxf8+) 37. Qxf2 Qxd5 38. Qf8+ Qg8 39. Qf6+ Qg7 40. Qd8+ Qg8 41. Qf6+ {[%mdl 64] Double Attack. Accuracy: White = 64%, Black = 62%.} 1/2-1/2

[Event "72nd RUS-ch Superfinal 2019"]
[Site "Izhevsk"]
[Date "2019.08.15"]
[Round "5.3"]
[White "Sarana, Alexey"]
[Black "Motylev, Alexander"]
[Result "1/2-1/2"]
[WhiteElo "2640"]
[BlackElo "2654"]
[Annotator "TA"]
[PlyCount "70"]
[EventDate "2019.08.10"]
[EventType "tourn"]
[EventCountry "RUS"]
[SourceTitle "playchess.com"]
[Source "ChessBase"]
[SourceQuality "1"]

{[%evp 22,70,8,10,13,13,14,9,12,4,8,4,5,3,8,4,2,0,0,0,0,0,0,0,0,0,0,0,0,0,0,0,0,0,0,0,0,0,0,0,0,0,0,0,0,0,0,0,0,0,0]} 1. d4 Nf6 2. c4 e6 3. Nf3 d5 4. Nc3 Bb4 5. Bg5 h6 6. Bxf6 Qxf6 7. Qb3 c5 8. cxd5 exd5 9. e3 O-O 10. dxc5 Bxc3+ 11. Qxc3 Qxc3+ 12. bxc3 {The position is equal.} Nd7 {D38: Queen's Gambit Declined: Ragozin Defence (4 Nf3 Bb4)} 13. Rd1 Nf6 (13... Nxc5 14. Rxd5 b6 15. Rd4 Ne6 16. Rd6 Bb7 17. Nd4 Nxd4 18. Rxd4 Rac8 19. Kd2 Rc5 20. Rg1 Rfc8 21. Bd3 Kf8 {1-0 (60) Li,C (2735)-Harikrishna,P (2737) Geneva 2017}) 14. c4 Be6 15. Nd4 Rfc8 16. Nxe6 fxe6 17. cxd5 {[#]} Nxd5 $146 ({Predecessor:} 17... exd5 18. Rc1 Rc7 19. Bd3 Rac8 20. Kd2 Rxc5 21. Rxc5 Rxc5 {1-0 (46) Postny,E (2494)-Ehlvest,J (2600) Moscow 2003}) 18. Rc1 Rc7 19. e4 Nf6 20. Bd3 Rac8 21. Ke2 Rxc5 22. Rxc5 Rxc5 $11 {[%mdl 4096] Endgame KRB-KRN} 23. f4 Kf7 24. Rb1 b6 25. a4 Ke7 26. Ke3 e5 27. fxe5 Ng4+ 28. Kd4 Nxe5 29. Bb5 Nc6+ (29... Ke6 {with more complications.} 30. Rf1 Rc8 31. h3 Rd8+ 32. Ke3 Rc8) 30. Bxc6 Rxc6 {KR-KR} 31. a5 Rd6+ 32. Ke5 Re6+ 33. Kd5 Rd6+ 34. Ke5 Re6+ 35. Kd5 Rd6+ {Accuracy: White = 89%, Black = 98%.} 1/2-1/2

[Event "72nd RUS-ch Superfinal 2019"]
[Site "Izhevsk"]
[Date "2019.08.15"]
[Round "5.4"]
[White "Dreev, Aleksey"]
[Black "Artemiev, Vladislav"]
[Result "1-0"]
[WhiteElo "2655"]
[BlackElo "2761"]
[Annotator "TA"]
[PlyCount "79"]
[EventDate "2019.08.10"]
[EventType "tourn"]
[EventCountry "RUS"]
[SourceTitle "playchess.com"]
[Source "ChessBase"]
[SourceQuality "1"]

{[%evp 9,79,12,18,10,21,23,16,11,22,10,28,0,0,-7,25,12,60,12,19,12,47,45,80,23,34,7,97,99,97,103,98,112,94,101,154,112,128,104,88,0,0,0,0,-10,-8,-8,-9,-16,-8,-156,-160,-166,-164,-206,-196,-213,-212,-188,0,0,0,-183,-75,-82,30,0,681,755,854,776,29972,6283]} 1. d4 Nf6 2. Nf3 g6 3. g3 Bg7 4. Bg2 d5 5. O-O Nbd7 6. c4 {D02: 1 d4 d5 2 Nf3 sidelines, including 2...Nf6 3 g3 and 2...Nf6 3 Bf4} dxc4 7. a4 a5 8. Na3 $146 {The position is equal.} ({Predecessor:} 8. Qc2 Nb6 9. e4 Bg4 10. Be3 Nfd7 11. Na3 O-O 12. Nxc4 Nxc4 13. Qxc4 {½-½ (34) Eljanov,P (2707)-Nakamura,H (2780) Palma de Mallorca 2017}) 8... Nb6 9. Ne5 Ng4 10. Nxg4 Bxg4 11. Bxb7 O-O 12. Bxa8 Qxa8 13. Re1 (13. f3 $5 {[%cal Rf3g4]} Bh3 14. Re1 $14) 13... Rd8 $1 {[%cal Rd8d4]} 14. Qc2 Bh3 {[%csl Gh3][%cal Ra8g2] [#]} 15. e4 Bxd4 16. Bg5 (16. Nxc4 $16 Qc6 17. Ne3) 16... Qc8 $11 {White must now prevent ...Qg4!} 17. Bxe7 (17. Nxc4 $2 Qg4 $19) 17... Re8 (17... Qg4 $1 $11 18. Qe2 (18. Nxc4 $2 Nxc4 19. Qe2 Rd7 $19) (18. Bxd8 $2 Qf3 19. Nxc4 Qg2#) 18... Rd7) 18. Nb5 $16 Bxf2+ 19. Qxf2 Rxe7 20. Nc3 Re5 21. Rad1 {[%cal Ba1d1,Bd1d4,Bd4c4][%mdl 32]} Nd7 (21... Qe8 $142) 22. Rd4 c6 23. Rxc4 Re6 24. Nd5 ({Better is} 24. Ne2 $16) 24... Qa6 $11 25. Ne3 Rf6 $1 {[%cal Rf6f2]} 26. Qc2 {And now Qc3 would win.} Ne5 {Strongly threatening ...Nf3+.} 27. Rd1 $1 ({Reject} 27. Qc3 Qb6 $17) 27... Nxc4 28. Qxc4 Qb6 29. Qc3 (29. Qd4 $11 c5 30. Qe5) 29... Rf3 $36 {[%mdl 2048] Black is really pushing.} 30. Re1 h5 31. Qd2 Qc5 32. Qe2 Rf6 33. Qd2 Qg5 34. Nc4 $1 Qc5+ 35. Ne3 Kh7 (35... Rd6 $19 36. Qc3 Qb6) 36. Qc3 Qg5 (36... Qxc3 $17 37. bxc3 Rf3) 37. Ng2 Bxg2 $2 {[%mdl 8192] [#]} (37... Kg8 $11) 38. h4 $1 $18 {[%cal Rh4g5]} ({Not} 38. Kxg2 h4 $11) 38... Qg4 39. Qxf6 Qh3 40. Qxf7+ {Accuracy: White = 59%, Black = 45%.} 1-0

[Event "72nd RUS-ch Superfinal 2019"]
[Site "Izhevsk"]
[Date "2019.08.15"]
[Round "5.5"]
[White "Vitiugov, Nikita"]
[Black "Matlakov, Maxim"]
[Result "1/2-1/2"]
[WhiteElo "2727"]
[BlackElo "2701"]
[Annotator "TA"]
[PlyCount "68"]
[EventDate "2019.08.10"]
[EventType "tourn"]
[EventCountry "RUS"]
[SourceTitle "playchess.com"]
[Source "ChessBase"]
[SourceQuality "1"]

{[%evp 23,68,4,4,6,2,0,7,3,10,11,6,9,19,18,18,8,13,10,13,7,29,31,29,0,0,0,0,0,13,3,16,2,12,2,11,8,11,8,6,0,0,0,0,0,0,0,0]} 1. Nf3 d5 2. b3 Nf6 3. Bb2 e6 4. g3 c5 5. Bg2 Be7 6. c4 O-O 7. O-O b6 8. cxd5 Nxd5 9. Nc3 Bb7 10. d4 Nd7 11. Nxd5 Bxd5 12. Rc1 Rc8 13. dxc5 {E17: Queen's Indian: 4 g3 Bb7 5 Bg2 Be7} (13. Qd3 cxd4 14. Qxd4 Bf6 15. Qd2 Qe7 16. Rfd1 h6 17. Bxf6 Nxf6 18. Ne5 Bxg2 19. Kxg2 Rc5 20. Rxc5 Qxc5 {½-½ (28) Zvjaginsev,V (2672)-Oparin,G (2575) Sochi 2016}) 13... Nxc5 14. b4 Nd7 $146 {[%cal Bc5d7,Bd7e5,Be5c4][%mdl 32]} ({Predecessor:} 14... Ne4 15. Qa4 Rxc1 16. Rxc1 a5 17. bxa5 bxa5 18. Be5 Bd6 19. Bxd6 Qxd6 20. Qxa5 h6 {½-½ (54) Jozwik,J (2041)-Pawlowski,M (1939) Warsaw 2007}) 15. Qd3 a5 16. a3 axb4 17. axb4 h6 18. Nd4 Ne5 ({Don't blunder} 18... Bxb4 $2 19. Bxd5 exd5 20. Nc6 $18) 19. Qb5 {[#] Hoping for Rxc8.} Nc4 20. Bxd5 exd5 21. Ba1 Bg5 22. Rcd1 Bf6 23. Nf3 Bxa1 {The position is equal.} 24. Rxa1 Qe7 25. Qxd5 Qxb4 26. Ra7 Rcd8 27. Qf5 Nd2 28. Nxd2 Qxd2 29. e3 Rd6 30. Kg2 Rf6 31. Qe4 Re6 32. Qf3 Rf6 33. Qe4 Re6 34. Qf3 Rf6 {Accuracy: White = 73%, Black = 69%.} 1/2-1/2

[Event "72nd RUS-ch Superfinal 2019"]
[Site "Izhevsk"]
[Date "2019.08.15"]
[Round "5.6"]
[White "Tomashevsky, Evgeny"]
[Black "Fedoseev, Vladimir"]
[Result "1-0"]
[WhiteElo "2702"]
[BlackElo "2681"]
[Annotator "TA"]
[PlyCount "87"]
[EventDate "2019.08.10"]
[EventType "tourn"]
[EventCountry "RUS"]
[SourceTitle "playchess.com"]
[Source "ChessBase"]
[SourceQuality "1"]

{[%evp 17,87,24,28,0,0,0,0,0,8,14,15,14,53,50,36,39,50,35,64,71,70,70,68,46,53,38,39,50,66,0,12,15,10,11,10,14,15,0,28,28,21,22,68,69,78,84,76,72,79,89,71,22,25,18,27,0,27,43,47,36,137,135,130,136,354,354,752,743,744,744,739,705]} 1. d4 Nf6 2. c4 g6 3. Nf3 Bg7 4. g3 c6 5. Bg2 d5 6. O-O O-O 7. Qb3 dxc4 8. Qxc4 Bf5 9. Nc3 Nbd7 10. Qb3 {D78: Fianchetto Grünfeld: 6 0-0 c6} (10. Qb4 {feels hotter.} b5 11. Qb3 a5 12. Re1 Ne4 13. Bf4) 10... Qb6 11. Re1 Qxb3 12. axb3 {The position is equal.} Nb6 $146 ({Predecessor:} 12... Be6 13. b4 Nd5 14. b5 Nb4 15. bxc6 bxc6 16. Ra5 c5 17. Ng5 cxd4 18. Nxe6 fxe6 19. Bxa8 dxc3 20. bxc3 Bxc3 {½-½ (41) Giri,A (2797)-Vachier Lagrave,M (2775) Tbilisi 2015}) 13. e4 Be6 14. Ra3 Nfd7 15. Be3 Rfd8 16. h3 h6 17. Rd1 f5 18. d5 cxd5 19. exd5 Bf7 20. Ra5 Nc8 21. Nd4 {Strongly threatening Ne6.} Nf8 22. Re1 Nd6 23. Ncb5 (23. Ne6 $14 Nxe6 24. dxe6 Bxe6 {[#]} 25. Bxh6 $1 {[%mdl 576] Discovered Attack} Bxb3 26. Bxg7 Kxg7 27. Rxe7+ Kf6 28. Rh7) 23... a6 24. Nxd6 Rxd6 25. Nb5 Rd7 26. Nc3 e5 27. Na4 {White wants to play Nb6.} Rad8 28. Nb6 $36 {[%mdl 2048] White has the initiative.} Rc7 29. Nc4 Nd7 30. d6 Rcc8 31. Bxb7 {[%mdl 64] Double Attack} Rb8 32. Bxa6 Rxb3 33. Ra3 Rb4 34. Na5 {Black must now prevent Nc6.} Rxb2 35. Nc6 Ra8 36. Rea1 f4 37. gxf4 exf4 38. Bxf4 Rb6 {[#]} ({Black should play} 38... g5 $14 39. Be3 Rb3) 39. Bc8 $1 $16 {[%mdl 512]} Rxa3 (39... Rxc8 40. Ne7+) 40. Rxa3 Be8 $2 (40... Be6 $16) 41. Ra8 $18 {And now Bxd7 would win.} Bf8 $2 (41... Rb1+ 42. Kg2 Ra1) 42. Bxd7 {White is clearly winning.} Bxd7 43. Ne5 {[%mdl 64] Double Attack} Rxd6 44. Bxh6 {Accuracy: White = 71%, Black = 38%.} 1-0

[Event "72nd RUS-ch Superfinal 2019"]
[Site "Izhevsk"]
[Date "2019.08.16"]
[Round "6.1"]
[White "Inarkiev, Ernesto"]
[Black "Fedoseev, Vladimir"]
[Result "1/2-1/2"]
[WhiteElo "2693"]
[BlackElo "2681"]
[Annotator "TA"]
[PlyCount "80"]
[EventDate "2019.08.10"]
[EventType "tourn"]
[EventCountry "RUS"]
[SourceTitle "playchess.com"]
[Source "ChessBase"]
[SourceQuality "1"]

{[%evp 18,80,19,0,9,4,72,41,53,41,37,49,40,39,33,31,35,50,31,27,37,31,45,35,43,42,35,32,42,33,32,46,47,50,50,50,50,45,54,43,50,50,57,50,50,50,57,40,40,40,40,40,44,21,27,0,0,0,0,0,0,0,8,2,2]} 1. d4 Nf6 2. c4 g6 3. Nc3 d5 4. Nf3 Bg7 5. Qb3 dxc4 6. Qxc4 O-O 7. e4 Na6 8. Be2 c5 9. d5 e6 10. O-O exd5 {D97: Grünfeld: Russian System: 7 e4, replies other than 7...Bg4} 11. exd5 Nb4 (11... Re8 $11 {keeps the balance.}) 12. Rd1 ({Of course not} 12. Qxc5 $6 Nbxd5 13. Nxd5 Qxd5 $11) 12... Nc2 {White is slightly better.} 13. Rb1 Nd4 14. Nxd4 cxd4 15. Rxd4 Bf5 16. Ra1 Ne8 {[#]} 17. Rd1 $146 ({Predecessor:} 17. Bf4 Nd6 18. Qc5 {0-1 (59) Gelfand,B (2743)-Li,C (2746) Moscow 2016}) 17... Bc2 18. Re1 Nd6 19. Qb4 {Bf4 is the strong threat.} a5 $1 {[%cal Ra5b4]} 20. Qa3 b5 21. Bxb5 Nxb5 22. Nxb5 Qb6 23. Nc3 Qb4 {[#] And now ...Qxa3 would win.} 24. Bd2 Qxa3 25. bxa3 Rfd8 26. Rac1 Bd3 27. h4 h5 28. f3 a4 29. Kf2 Bxc3 30. Rxc3 Rxd5 31. Bg5 Bf5 32. Kg3 Rd3 33. Rxd3 Bxd3 $14 {[%mdl 4096] Endgame KRB-KRB} 34. Rc1 Bf5 35. Kf2 (35. Bf6 {feels hotter.} Ra6 36. Be5 Kf8 37. Kf4 Bd7 38. Rc2) 35... Rc8 36. Rxc8+ Bxc8 {The position is equal.} 37. Bf6 Be6 38. Ke3 Bxa2 39. Kf4 Kh7 40. Be5 Bd5 {Accuracy: White = 83%, Black = 86%.} 1/2-1/2

[Event "72nd RUS-ch Superfinal 2019"]
[Site "Izhevsk"]
[Date "2019.08.16"]
[Round "6.2"]
[White "Matlakov, Maxim"]
[Black "Tomashevsky, Evgeny"]
[Result "1/2-1/2"]
[WhiteElo "2701"]
[BlackElo "2702"]
[Annotator "TA"]
[PlyCount "71"]
[EventDate "2019.08.10"]
[EventType "tourn"]
[EventCountry "RUS"]
[SourceTitle "playchess.com"]
[Source "ChessBase"]
[SourceQuality "1"]

{[%evp 20,71,13,9,4,0,0,0,0,0,23,22,26,16,18,20,19,25,8,13,12,0,10,-8,0,-29,0,-41,-25,-39,6,6,8,8,4,4,8,1,5,10,6,0,7,6,4,8,6,0,0,0,14,0,0,0]} 1. d4 Nf6 2. c4 e6 3. g3 d5 4. Bg2 Be7 5. Nf3 O-O 6. O-O dxc4 7. Qa4 a6 8. Qxc4 b5 9. Qc2 Bb7 10. Bd2 Be4 11. Qc1 c6 {E05: Open Catalan: 5 Nf3 Be7} 12. a4 Nbd7 13. Nc3 Bg6 14. Nh4 {[#]} Rc8 $146 ({Predecessor:} 14... Bh5 15. h3 Nd5 16. axb5 axb5 17. Rxa8 Qxa8 18. e4 Nb4 19. Bg5 {½-½ (85) Caruana,F (2828)-Dominguez Perez,L (2739) Saint Louis 2019}) 15. Nxg6 hxg6 16. axb5 axb5 17. Rd1 Qb6 18. Bg5 Rfe8 19. h4 c5 20. d5 exd5 21. Bxd5 c4 22. Qf4 {[#] Threatens to win with Bxf7+.} Nc5 (22... b4 $5 {[%cal Rb4c3]} 23. Na4 Qb5 $17) 23. Bf3 Ne6 24. Qd2 b4 25. Bxf6 $1 {The position is equal.} Bxf6 26. Nd5 Qc5 {[#] aiming for ...c3.} 27. e3 ({Of course not} 27. Nxb4 c3 $17) 27... c3 $132 {[%mdl 2048] Black is not holding back} 28. bxc3 Bxc3 29. Nxc3 bxc3 30. Qc2 Red8 31. Rxd8+ Rxd8 32. Rc1 Rc8 33. Rd1 Rd8 34. Rc1 Rc8 35. Rd1 Rd8 36. Rc1 {Accuracy: White = 71%, Black = 79%.} 1/2-1/2